| 000 | 01130cam a22003135a 4500 | ||
|---|---|---|---|
| 001 | 12085931 | ||
| 005 | 20150602111410.0 | ||
| 008 | 000629r20071999enka frb f000 0beng d | ||
| 020 | _a0198296835 | ||
| 020 | _a9780198296836 | ||
| 040 |
_aUKM _cUKM _dEMU _dABC _dMIA _dDLC _dEG-ScBUE |
||
| 082 | 0 | 0 |
_a330.015195 _222 _bCOI |
| 245 | 0 | 0 |
_aCointegration, causality, and forecasting : _ba festschrift in honour of Clive W.J. Granger / _cedited by Robert F. Engle and Halbert White. |
| 260 |
_aOxford ; _aNew York : _bOxford University Press, _c2007. |
||
| 300 |
_avi, 497 p. : _bill. ; _c24 cm. |
||
| 500 | _aReprint of the 1999 ed. | ||
| 504 | _aIncludes bibliographical references. | ||
| 600 | 1 | 0 |
_aGranger, C. W. J. _q(Clive William John), _d1934-2009. _938098 |
| 650 | 0 |
_aEconometric models. _2BUEsh |
|
| 650 | 0 |
_aCointegration. _2BUEsh |
|
| 650 | 0 |
_aBusiness forecasting _xEconometric models. _2BUEsh |
|
| 650 | 0 |
_aEconometrics. _2BUEsh |
|
| 651 | _2BUEsh | ||
| 653 |
_bBUSECO _cMay2015 |
||
| 655 |
_vreading book _934232 |
||
| 700 | 1 |
_aWhite, Halbert, _eeditor. |
|
| 700 | 1 |
_aEngle, R. F. _q(Robert F), _eeditor. |
|
| 942 | _2ddc | ||
| 999 |
_c19465 _d19437 |
||